000 00624nam a2200205Ia 4500
005 20250508163326.0
008 008 250505s9999 xx 000 0 eng d
020 _a0-03-910431-1
037 _aTextual
040 _aFEDL
_beng
_cFEDL
041 _aeng
_2eng
084 _a370.7, ALE
_qFEDL
100 _aAlexander Robin J. et al. Ed.
_9775122
245 0 _aChange in teacher education : Context and provision since robbins
260 _aLondon, UK
_bHolt, Rinehar and Winston
_c1984
300 _axviii,357p.
650 _aTeacher education
942 _cTEXL
_h370.7, ALE
999 _c1382334
_d1382334